| 000 | 01446nam a22002777a 4500 | ||
|---|---|---|---|
| 005 | 20090409113643.0 | ||
| 008 | 090305t xxu||||| |||| 00| 0 hin d | ||
| 010 | _aHIN-91027 | ||
| 020 |
_a8179000664 _c200.00 |
||
| 035 | _aHN-63373 | ||
| 037 | _bDBAD / PUB | ||
| 040 |
_aDPL _bHN |
||
| 082 | _aउ | ||
| 100 |
_924400 _aवाजपेयी, भगवती प्रसाद 'अनूप ' |
||
| 245 |
_aनारी तेरे रूप अनेक / _cभगवती प्रसाद वाजपेयी 'अनूप ' |
||
| 246 |
_aNaari tere roop anek _bby Bhagvali Prasad Vajpayee ' Anoop' |
||
| 260 |
_aनई दिल्ली _bएम.एन.पब्लिशर्स एण्ड डिस्ट्री _c2010 |
||
| 270 |
_aw-112, ग्रेटर कैलाश, पार्ट-1 _bनई दिल्ली _e110048 |
||
| 300 |
_a136पृ. _c22 सेमी (सजिल्द) |
||
| 650 |
_aहिन्दी कथा साहित्य _924401 |
||
| 650 | _9788 | ||
| 700 | _924403 | ||
| 942 |
_adpl _cHN _2ddc _hउ _mवाजपे |
||
| 999 |
_c48673 _d48673 |
||